Cría del ganado porcino / (Record no. 19372)
[ view plain ]
| 000 -CABECERA | |
|---|---|
| campo de control de longitud fija | 00717nam a2200217 a 4500 |
| 001 - NÚMERO DE CONTROL | |
| campo de control | 000019859 |
| 005 - FECHA Y HORA DE LA ÚLTIMA TRANSACCIÓN | |
| campo de control | 20200929170151.0 |
| 008 - DATOS DE LONGITUD FIJA--INFORMACIÓN GENERAL | |
| campo de control de longitud fija | 100708s1977 mx ac r 000 0 spa d |
| 040 ## - FUENTE DE LA CATALOGACIÓN | |
| Centro catalogador/agencia de origen | DO-SdBNP |
| Lengua de catalogación | spa |
| Centro/agencia transcriptor | BNPHU |
| 082 ## - NÚMERO DE LA CLASIFICACIÓN DECIMAL DEWEY | |
| Número de clasificación | xxx |
| Número de documento/Ítem | 285c |
| 049 ## - FONDOS LOCALES (OCLC) | |
| Fondos de biblioteca | BNGR |
| 100 1# - ENTRADA PRINCIPAL--NOMBRE DE PERSONA | |
| Nombre de persona | Scarborough, C. C. |
| 9 (RLIN) | 42378 |
| 245 10 - MENCIÓN DE TÍTULO | |
| Título | Cría del ganado porcino / |
| Mención de responsabilidad, etc. | C. C. Scarborough ; Edición M. D. Mobley ; traducción Edsel Jorge Bixler. |
| 250 ## - MENCIÓN DE EDICIÓN | |
| Mención de edición | 6a reimp. |
| 260 ## - PUBLICACIÓN, DISTRIBUCIÓN, ETC. | |
| Lugar de publicación, distribución, etc. | México D. F. : |
| Nombre del editor, distribuidor, etc. | Editorial Limusa, |
| Fecha de publicación, distribución, etc. | 1977. |
| 300 ## - DESCRIPCIÓN FÍSICA | |
| Extensión | 317 p. : |
| Otras características físicas | il. retrs. ; |
| Dimensiones | 23 cm. |
| 500 ## - NOTA GENERAL | |
| Nota general | Bibliografía p. [307-308]. |
| 500 ## - NOTA GENERAL | |
| Nota general | Incluye índice alfabético. |
| 700 1# - PUNTO DE ACCESO ADICIONAL--NOMBRE DE PERSONA | |
| Nombre de persona | Mobley, M. D., |
| Término indicativo de función/relación | ed. |
| 9 (RLIN) | 42379 |
| 700 1# - PUNTO DE ACCESO ADICIONAL--NOMBRE DE PERSONA | |
| Nombre de persona | Bixler, Edsel Jorge, |
| Término indicativo de función/relación | tr. |
| 9 (RLIN) | 42380 |
| Estado de retiro | Estado de pérdida | Restricciones de uso | No para préstamo | Código de colección | Localización permanente | Ubicación/localización actual | Ubicación en estantería | Fecha de adquisición | Número de inventario | Total de préstamos | Signatura topográfica completa | Código de barras | Fecha visto por última vez | Precio válido a partir de | Tipo de ítem Koha |
|---|---|---|---|---|---|---|---|---|---|---|---|---|---|---|---|
| Monografías: Libros y Folletos | General | General | En catalogación | 08.07.2010 | LF1 | xxx 285c | 19859-10 | 25.06.2020 | 25.06.2020 | Préstamo en sala |
